Kelly Oubre Jr Quiz - Statistics

General Stats
  • This quiz has been taken 11 times
    10 since last reset
  • The average score is 5 of 12
Answer Stats
Question Answer % Correct
What team is he on 76ers
88%
Height 6'7
75%
His GOAT Michael Jordan
63%
How many sexiest man of the year awards 16
38%
What College Kansas
38%
Race Light Skin
38%
Religion Muslim
38%
Where was he born New Orleans
38%
Career high ppg 20.0
25%
What shoe does he wear Kobe
25%
BFF Desmond Bane
13%
Biggest Opp JT Thor
13%
No matching quizzes found
Score Distribution
Percent of People with Each Score
Percentile by Number Answered
Your Score History
You have not taken this quiz since the last reset